Pokemon Gen 5 Pokedex quiz - Statistics

General Stats
  • This quiz has been taken 11 times
    7 since last reset
  • The average score is 80 of 297
Answer Stats
Answer % Correct
Victini
83%
Emboar
67%
Genesect
67%
Kyurem
67%
Landorus
67%
Snivy
67%
Tepig
67%
Archeops
50%
Audino
50%
Carracosta
50%
Crustle
50%
Darumaka
50%
Deerling
50%
Dewott
50%
Drilbur
50%
Durant
50%
Foongus
50%
Golett
50%
Gothita
50%
Gothorita
50%
Gurdurr
50%
Hydreigon
50%
Joltik
50%
Karrablast
50%
Krookodile
50%
Lampent
50%
Larvesta
50%
Mandibuzz
50%
Mienshao
50%
Munna
50%
Oshawott
50%
Pansear
50%
Pidove
50%
Purrloin
50%
Reshiram
50%
Samurott
50%
Sawk
50%
Scraggy
50%
Serperior
50%
Servine
50%
Sewaddle
50%
Simipour
50%
Simisage
50%
Thundurus
50%
Tornadus
50%
Trubbish
50%
Unfezant
50%
Venipede
50%
Watchog
50%
Whimsicott
50%
Yamask
50%
Zebstrika
50%
Zekrom
50%
Accelgor
33%
Alomomola
33%
Amoonguss
33%
Archen
33%
Axew
33%
Basculin
33%
Beartic
33%
Bisharp
33%
Blitzel
33%
Boldore
33%
Bouffalant
33%
Braviary
33%
Chandelure
33%
Cinccino
33%
Cobalion
33%
Cofagrigus
33%
Conkeldurr
33%
Cottonee
33%
Cryogonal
33%
Cubchoo
33%
Darmanitan
33%
Deino
33%
Druddigon
33%
Ducklett
33%
Duosion
33%
Dwebble
33%
Eelektrik
33%
Elgyem
33%
Emolga
33%
Escavalier
33%
Excadrill
33%
Ferroseed
33%
Ferrothorn
33%
Fraxure
33%
Garbodor
33%
Golurk
33%
Gothitelle
33%
Haxorus
33%
Heatmor
33%
Herdier
33%
Keldeo
33%
Klang
33%
Klink
33%
Klinklang
33%
Krokorok
33%
Leavanny
33%
Liepard
33%
Lilligant
33%
Lillipup
33%
Litwick
33%
Maractus
33%
Meloetta
33%
Mienfoo
33%
Minccino
33%
Musharna
33%
Palpitoad
33%
Panpour
33%
Pansage
33%
Patrat
33%
Pawniard
33%
Pignite
33%
Reuniclus
33%
Roggenrola
33%
Sandile
33%
Sawsbuck
33%
Scolipede
33%
Scrafty
33%
Seismitoad
33%
Shelmet
33%
Sigilyph
33%
Simisear
33%
Solosis
33%
Stoutland
33%
Stunfisk
33%
Swadloon
33%
Swanna
33%
Swoobat
33%
Terrakion
33%
Throh
33%
Timburr
33%
Tirtouga
33%
Tranquil
33%
Tympole
33%
Tynamo
33%
Vanillish
33%
Vanillite
33%
Vanilluxe
33%
Virizion
33%
Volcarona
33%
Vullaby
33%
Whirlipede
33%
Woobat
33%
Zoroark
33%
Zorua
33%
Zweilous
33%
Absol
17%
Aggron
17%
Altaria
17%
Ampharos
17%
Arcanine
17%
Aron
17%
Azumarill
17%
Azurill
17%
Baltoy
17%
Budew
17%
Buizel
17%
Buneary
17%
Camerupt
17%
Carnivine
17%
Claydol
17%
Combee
17%
Corsola
17%
Croagunk
17%
Delcatty
17%
Delibird
17%
Dewgong
17%
Drapion
17%
Drifblim
17%
Drifloon
17%
Dunsparce
17%
Eevee
17%
Electabuzz
17%
Electivire
17%
Elekid
17%
Elektross
17%
Espeon
17%
Flaaffy
17%
Flareon
17%
Floatzel
17%
Flygon
17%
Frillish
17%
Gigalith
17%
Glaceon
17%
Gligar
17%
Gliscor
17%
Golduck
17%
Grimer
17%
Growlithe
17%
Grumpig
17%
Heracross
17%
Jellicent
17%
Jolteon
17%
Koffing
17%
Lairon
17%
Leafeon
17%
Lickilicky
17%
Lickitung
17%
Lopunny
17%
Lucario
17%
Lunatone
17%
Magby
17%
Magmar
17%
Magmortar
17%
Magnemite
17%
Magneton
17%
Magnezone
17%
Mamoswine
17%
Mantine
17%
Mantyke
17%
Mareep
17%
Maril
17%
Muk
17%
Ninetales
17%
Nosepass
17%
Numel
17%
Octillery
17%
Onix
17%
Pelipper
17%
Piloswine
17%
Pinsir
17%
Probopass
17%
Psyduck
17%
Raticate
17%
Rattata
17%
Remoraid
17%
Riolu
17%
Roselia
17%
Roserade
17%
Sandshrew
17%
Sandslash
17%
Sealeo
17%
Seel
17%
Shuckle
17%
Skarmory
17%
Skitty
17%
Skorupi
17%
Slaking
17%
Slakoth
17%
Sneasel
17%
Solrock
17%
Spheal
17%
Spoink
17%
Starmie
17%
Staryu
17%
Steelix
17%
Sunflora
17%
Sunkern
17%
Swablu
17%
Swinub
17%
Tangela
17%
Tangrowth
17%
Toxicroak
17%
Trapinch
17%
Tropius
17%
Umbreon
17%
Vaporeon
17%
Vespiquen
17%
Vibrava
17%
Vigoroth
17%
Vulpix
17%
Wailmer
17%
Wailord
17%
Walrein
17%
Weavile
17%
Weezing
17%
Wingull
17%
Yanma
17%
Yanmega
17%
Banette
0%
Beheeymem
0%
Beldum
0%
Bronzong
0%
Bronzor
0%
Clefable
0%
Clefairy
0%
Cleffa
0%
Crobat
0%
Ditto
0%
Galvantunla
0%
Golbat
0%
Igglybuff
0%
Jigglypuff
0%
Larvitar
0%
Metagross
0%
Metang
0%
Petilili
0%
Pupitar
0%
Ruflett
0%
Seviper
0%
Shuppet
0%
Tyranitar
0%
Wigglytuff
0%
Zangoose
0%
Zubat
0%
No matching quizzes found
Score Distribution
Percent of People with Each Score
Percentile by Number Answered
Your Score History
You have not taken this quiz since the last reset